000 00339 a2200169 4500
001 187609
020 _a85-04-00983-1
040 _cMagnum
100 _aRoberts, David
240 1 0 _aSujo, eu?!
_lpor
245 1 0 _aSujo, eu?!
300 _a32
362 0 _a2006
440 1 _aNacional
697 _aLITERATURA INFANTIL
942 _cBK
999 _c187609
_d187609